| 000 | 00654nam a2200193 a 4500 | ||
|---|---|---|---|
| 001 | 000015523 | ||
| 005 | 20200929164050.0 | ||
| 008 | 100212s2009 dr ac 000 0 spa d | ||
| 020 | _a9789945408324 | ||
| 040 |
_aDO-SdBNP _bspa _cBNPHU |
||
| 082 |
_axxx _bH542e |
||
| 100 | 1 |
_aHeredia, Zoraida _917425 |
|
| 245 | 1 | 0 |
_aEscritos, discursos y vivencias / _cZoraida Heredia ; presentación Cristina Lizardo Mézquita. |
| 260 |
_aSanto Domingo : _bArgos, _c2009. |
||
| 300 |
_a150 p. : _bil., retr. ; _c23 cm. |
||
| 500 | _aIncluye datos biográficos de la autora en la solapa de la cubierta | ||
| 700 | 1 |
_aLizardo Mézquita, Cristina _935055 |
|
| 049 | _aBNPD | ||
| 999 |
_c15079 _d15079 |
||